[Event "Arco op 44th"]
[Site "Arco"]
[Date "2022.10.09"]
[Round "2"]
[White "Froehlich, Franz"]
[Black "Bohnhoff, Peter"]
[Result "0-1"]
[WhiteElo "1647"]
[BlackElo "2064"]
[PlyCount "62"]
[EventDate "2022.10.08"]
[EventType "swiss"]
[EventRounds "9"]
[EventCountry "ITA"]
[SourceTitle "CBM 210 Extra"]
[Source "ChessBase"]
[SourceDate "2022.11.30"]
[SourceVersion "1"]
[SourceVersionDate "2022.11.30"]
[SourceQuality "1"]

1. e4 e5 2. Nc3 Nf6 3. f4 d5 4. exd5 exf4 5. Bc4 Bd6 6. Qe2+ Kf8 7. Nf3 g6 8. d3 Kg7 9. 0-0 Re8 10. Qd1 Bg4 11. Bd2 h6 12. Be1 Nbd7 13. Qd2 Nb6 14. Bh4 Bxf3 15. gxf3 Bc5+ 16. Kh1 g5 17. Bf2 Be3 18. Bxe3 fxe3 19. Qg2 Nfxd5 20. Bxd5 Nxd5 21. Ne2 Qd7 22. f4 g4 23. f5 c6 24. Qxg4+ Kh7 25. Rg1 Rg8 26. Qf3 Nf6 27. Ng3 Rae8 28. Rae1 Qd4 29. Nh5 Nxh5 30. Rxg8 Rxg8 31. Qxh5 Qd5+ 0-1

[Event "Leitersdorf Region-ch"]
[Site "Leitersdorf"]
[Date "2017.01.06"]
[Round "3.21"]
[White "Froehlich, Franz"]
[Black "Saeckl, Guenther"]
[Result "1/2-1/2"]
[WhiteElo "1626"]
[BlackElo "1537"]
[PlyCount "118"]
[EventDate "2017.01.04"]
[EventType "swiss"]
[EventRounds "5"]
[EventCountry "AUT"]
[SourceTitle "EXT 2024"]
[Source "ChessBase"]
[SourceDate "2023.10.10"]
[SourceVersion "1"]
[SourceVersionDate "2023.10.10"]
[SourceQuality "1"]

1. d4 Nf6 2. c4 c5 3. d5 d6 4. Nc3 e5 5. e4 h6 6. Bd3 Na6 7. a3 Qa5 8. Bd2 Nb8 9. Nge2 Bd7 10. 0-0 Qd8 11. f3 g5 12. b4 Na6 13. Qb3 Nh5 14. g4 Nf4 15. Nxf4 gxf4 16. Be1 Be7 17. Ra2 Bh4 18. b5 Nc7 19. Qb2 b6 20. Bxh4 Qxh4 21. Qf2 Qf6 22. Qe1 Ke7 23. Rg2 Rag8 24. Nd1 h5 25. h3 hxg4 26. hxg4 Qh6 27. Kf2 Qh3 28. Rfg1 Qh6 29. Ke2 Ne8 30. Nf2 Qf8 31. a4 Nf6 32. Rh1 Nh5 33. Kd2 Ng3 34. Rhh2 Rxh2 35. Rxh2 Rh8 36. Qg1 Kd8 37. Qg2 Qg7 38. Nh1 Nxh1 39. Qxh1 Rxh2+ 40. Qxh2 f6 41. Kc3 Kc7 42. Qh5 Kb7 43. Kd2 Kc7 44. Ke2 Kb7 45. Kf2 Kc7 46. Kg2 Kb7 47. Kh3 Kc7 48. Qh4 Qg6 49. Qh8 Kb7 50. Kh2 Kc7 51. Bf1 Kb7 52. Qh5 Qg7 53. Bh3 Qg8 54. Qh6 Qf7 55. Qh8 Bc8 56. g5 Bxh3 57. Qxf6 Qh5 58. Qe7+ Bd7+ 59. Kg1 Kc7 1/2-1/2

[Event "Leitersdorf op"]
[Site "Leitersdorf"]
[Date "2016.01.06"]
[Round "5"]
[White "Toelly, Michael"]
[Black "Froehlich, Franz"]
[Result "1/2-1/2"]
[WhiteElo "2001"]
[BlackElo "1703"]
[PlyCount "69"]
[EventDate "2016.01.02"]
[EventType "swiss"]
[EventRounds "5"]
[EventCountry "AUT"]
[SourceTitle "CBM 170 Extra"]
[Source "ChessBase"]
[SourceDate "2016.02.25"]
[SourceVersion "1"]
[SourceVersionDate "2016.02.25"]
[SourceQuality "1"]

1. e4 c5 2. c3 d5 3. exd5 Qxd5 4. d4 Nf6 5. Nf3 Bg4 6. Be2 e6 7. 0-0 a6 8. Re1 Nc6 9. Be3 cxd4 10. cxd4 Bb4 11. Nc3 Qd8 12. h3 Bh5 13. a3 Ba5 14. Qb3 Qb6 15. Qa2 Bxc3 16. bxc3 Nd5 17. Bd2 0-0 18. Rab1 Qc7 19. c4 Nf4 20. Bxf4 Qxf4 21. Rxb7 Bxf3 22. Bxf3 Nxd4 23. Be4 Rab8 24. Qb2 Qd6 25. Kh1 Rxb7 26. Bxb7 Rb8 27. Rd1 e5 28. Rb1 Kf8 29. f4 Nc6 30. fxe5 Nxe5 31. Qc2 Qd3 32. Be4 Rxb1+ 33. Qxb1 Qxb1+ 34. Bxb1 Nxc4 35. Bd3 1/2-1/2

[Event "Leitersdorf Region-ch"]
[Site "Leitersdorf"]
[Date "2015.01.03"]
[Round "2"]
[White "Froehlich, Franz"]
[Black "Mattersberger, Melanie"]
[Result "1/2-1/2"]
[WhiteElo "1763"]
[BlackElo "1730"]
[PlyCount "64"]
[EventDate "2015.01.02"]
[EventType "swiss"]
[EventRounds "5"]
[EventCountry "AUT"]
[SourceTitle "CBM 164 Extra"]
[Source "ChessBase"]
[SourceDate "2015.03.02"]
[SourceVersion "1"]
[SourceVersionDate "2015.03.02"]
[SourceQuality "1"]

1. e4 c5 2. Nf3 Nc6 3. d4 cxd4 4. Nxd4 Nf6 5. Nc3 e5 6. Nxc6 dxc6 7. Qxd8+ Kxd8 8. Bg5 Be6 9. f4 h6 10. Bh4 Kc7 11. f5 Bd7 12. a3 Bc5 13. Bxf6 gxf6 14. Bc4 Rhf8 15. Ke2 Bd4 16. Nd1 Rg8 17. Kf3 Rg7 18. c3 Bb6 19. b4 a6 20. Ra2 c5 21. Ne3 Bc6 22. Nd5+ Bxd5 23. Bxd5 cxb4 24. axb4 Rc8 25. Rc1 Kb8 26. c4 Bd4 27. c5 Rc7 28. c6 Rg8 29. Rac2 Rgc8 30. Ke2 bxc6 31. Rxc6 Rxc6 32. Rxc6 Rxc6 1/2-1/2

[Event "Leitersdorf Region-ch"]
[Site "Leitersdorf"]
[Date "2014.01.06"]
[Round "5"]
[White "Froehlich, Franz"]
[Black "Prato, Simon"]
[Result "1-0"]
[WhiteElo "1747"]
[BlackElo "1513"]
[PlyCount "121"]
[EventDate "2014.01.02"]
[EventType "swiss"]
[EventRounds "5"]
[EventCountry "AUT"]
[SourceTitle "CBM 158 Extra"]
[Source "ChessBase"]
[SourceDate "2014.02.28"]
[SourceVersion "1"]
[SourceVersionDate "2014.02.28"]
[SourceQuality "1"]

1. e4 c5 2. Nf3 e6 3. d4 cxd4 4. Nxd4 Nc6 5. Nc3 a6 6. Be3 Qc7 7. Nxc6 bxc6 8. Bc4 Nf6 9. 0-0 Bb4 10. f3 d5 11. Bd3 0-0 12. exd5 cxd5 13. Ne2 Rb8 14. Rb1 Bd6 15. g3 Nd7 16. c3 Nc5 17. Bc2 Bd7 18. Kg2 Bb5 19. Rf2 Qd7 20. Nd4 Rfc8 21. Nxb5 Qxb5 22. Qd4 Qc4 23. Qxc4 dxc4 24. Rd2 Bf8 25. Rd4 Nb7 26. Bf4 Ra8 27. Be4 Ra7 28. Rd7 g5 29. Bxg5 a5 30. Rxb7 Rxb7 31. Bxb7 Rb8 32. Ba6 Bg7 33. Bd2 Rd8 34. Be1 a4 35. Bxc4 a3 36. b3 Bh6 37. f4 e5 38. Kf3 exf4 39. gxf4 Bg7 40. Be2 Rd6 41. Rd1 Rh6 42. Rd8+ Bf8 43. h4 Kg7 44. c4 Be7 45. Ra8 Re6 46. b4 Rb6 47. Rxa3 Bxb4 48. Rb3 Bc5 49. Rxb6 Bxb6 50. a4 Kf6 51. Ke4 Ke6 52. Bb4 f5+ 53. Kd3 Bc7 54. Ke3 Bd8 55. h5 h6 56. Bf8 Kf7 57. Bxh6 Bb6+ 58. Kf3 Bc5 59. Bg5 Bb4 60. Bh4 Kg7 61. Ke3 1-0

[Event "Leitersdorf Region-ch"]
[Site "Leitersdorf"]
[Date "2014.01.04"]
[Round "3"]
[White "Froehlich, Franz"]
[Black "Toelly, Michael"]
[Result "0-1"]
[WhiteElo "1747"]
[BlackElo "1789"]
[PlyCount "96"]
[EventDate "2014.01.02"]
[EventType "swiss"]
[EventRounds "5"]
[EventCountry "AUT"]
[SourceTitle "CBM 158 Extra"]
[Source "ChessBase"]
[SourceDate "2014.02.28"]
[SourceVersion "1"]
[SourceVersionDate "2014.02.28"]
[SourceQuality "1"]

1. e4 e5 2. Nf3 Nc6 3. Bc4 Nf6 4. d3 Bc5 5. c3 d5 6. exd5 Nxd5 7. 0-0 0-0 8. Re1 Nb6 9. Bb3 Bg4 10. Bc2 a5 11. Nbd2 f5 12. h3 Bh5 13. Nf1 Qf6 14. Ng3 Bf7 15. Bg5 Qg6 16. Bh4 Bd6 17. Ng5 Bd5 18. Qh5 Qxh5 19. Nxh5 h6 20. Nf3 g5 21. Nxg5 hxg5 22. Bxg5 Nd7 23. Ng3 b5 24. b3 b4 25. c4 Nd4 26. Bd1 Bc6 27. Ne2 Ne6 28. Bd2 Kh7 29. Bc2 Kh8 30. Rad1 Rg8 31. Ng3 Nd4 32. Bb1 f4 33. Ne4 Nf3+ 34. Kh1 Nxe1 35. Rxe1 Rg7 36. Bc2 Nc5 37. f3 Nxe4 38. dxe4 Bc5 39. Re2 Rd7 40. Bc1 Rad8 41. Kh2 Ra8 42. g3 fxg3+ 43. Kxg3 Rg8+ 44. Kh2 Rh7 45. Rg2 Rxg2+ 46. Kxg2 Bd7 47. f4 Rxh3 48. Bd2 Be3 0-1

[Event "Leitersdorf Region-ch"]
[Site "Leitersdorf"]
[Date "2014.01.02"]
[Round "1"]
[White "Froehlich, Franz"]
[Black "Nuster, Erwin"]
[Result "0-1"]
[WhiteElo "1747"]
[BlackElo "2147"]
[PlyCount "58"]
[EventDate "2014.01.02"]
[EventType "swiss"]
[EventRounds "5"]
[EventCountry "AUT"]
[SourceTitle "CBM 158 Extra"]
[Source "ChessBase"]
[SourceDate "2014.02.28"]
[SourceVersion "1"]
[SourceVersionDate "2014.02.28"]
[SourceQuality "1"]

1. e4 c5 2. Nf3 Nc6 3. d4 cxd4 4. Nxd4 Qb6 5. Nxc6 bxc6 6. Be2 e5 7. 0-0 Nf6 8. Nd2 Be7 9. c3 0-0 10. Qc2 d5 11. exd5 cxd5 12. Kh1 Qc7 13. f3 g6 14. Bd3 Nh5 15. Nb3 f5 16. Bh6 Ng7 17. Bd2 Be6 18. Rad1 Bd6 19. Be2 f4 20. Be1 Rf5 21. Bf2 Rh5 22. Bg1 Nf5 23. Bf2 Rc8 24. Qd2 Qg7 25. Bd3 Qh6 26. h3 Ne3 27. h4 Be7 28. g4 fxg3 29. Bxg3 Bxh4 0-1

[Event "Leitersdorf Region-ch"]
[Site "Leitersdorf"]
[Date "2013.01.06"]
[Round "5"]
[White "Froehlich, Franz"]
[Black "Amtmann, Franz"]
[Result "1/2-1/2"]
[WhiteElo "1680"]
[BlackElo "1864"]
[PlyCount "41"]
[EventDate "2013.01.02"]
[EventType "swiss"]
[EventRounds "5"]
[EventCountry "AUT"]
[SourceTitle "CBM 152 Extra"]
[Source "ChessBase"]
[SourceDate "2013.02.25"]
[SourceVersion "1"]
[SourceVersionDate "2013.02.25"]
[SourceQuality "1"]

1. e4 e5 2. Nf3 Nc6 3. Bb5 a6 4. Bxc6 dxc6 5. 0-0 Bd6 6. Re1 c5 7. d3 h6 8. Be3 Ne7 9. Nbd2 b5 10. Nb3 c4 11. dxc4 bxc4 12. Nc5 0-0 13. Qe2 Bg4 14. h3 Bxf3 15. Qxf3 f5 16. exf5 Nxf5 17. Qd5+ Rf7 18. Rad1 c3 19. b3 Rc8 20. Ne4 Qf8 21. Nxd6 1/2-1/2